Statistiques concernant Personnalités dont le nom commence par les lettres X et Y (par images)

Cliquez ici pour prendre le quiz!

Statistiques générales

  • Ce quiz a été pris 210 fois
    (194 depuis la dernière actualisation)
  • Le résultat moyen est 5 sur 12

Statistiques - réponses

Réponse% Correct
Michaël Youn
93%
Xavi
74%
XXXTentacion
67%
Youssoupha
62%
Tony Yoka
49%
Lev Yachine
42%
Trae Young
37%
Adam Yates
24%
Yseult
24%
Xzibit
10%
Ycare
9%
Yannick
4%

Distribution des résultats

Percentile par nombre de réponses

% des personnes avec chaque résultat

Votre développement - résultats

Vous n’avez pas pris ce quiz depuis la dernière actualisation